Journal of agricultural science

Guardado en:
Detalles Bibliográficos
Formato: Seriadas
Lenguaje:inglés
Publicado: Cambridge Cambridge University Press 1972
Etiquetas: Agregar Etiqueta
Sin Etiquetas, Sea el primero en etiquetar este registro!

MARC

LEADER 00000nas2a2200000$$ 4500
001 0009359
005 20250730114240.4
022 |a 0021-8596 
041 0 |a eng 
044 |a GB 
245 1 0 |a Journal of agricultural science 
264 1 |a Cambridge  |b Cambridge University Press  |c 1972 
300 |a 1 zv. 
773 0 |w eu_un_cat*0009355